000
00360nam a2200181Ia 4500
100
_a
White/Tom
650
_a
Hadoop
250
_a
3
942
_c
BK
366
_f
25
654
_a
hadoop
245
_a
Hadoop:The definitive Guide
260
_b
Oreilly
_c
2012
082
_a
5.133
_b
WHI
300
_a
657
546
_a
ENGLISH
_c
electronics
999
_c
23215
_d
23215